Normal view
MARC view
- ASTRONOMICAL OBSERVATORIES
Entry Topical Term
001 - CONTROL NUMBER
- control field: 60129
003 - CONTROL NUMBER IDENTIFIER
- control field: NUST
005 - DATE AND TIME OF LATEST TRANSACTION
- control field: 20210628202505.0
008 - FIXED-LENGTH DATA ELEMENTS
- fixed length control field: 210628|| aca||aabn | a|a d
040 ## - CATALOGING SOURCE
- Original cataloging agency: NUST
- Transcribing agency: NUST
150 ## - HEADING--TOPICAL TERM
- Topical term or geographic name entry element: ASTRONOMICAL OBSERVATORIES
670 ## - SOURCE DATA FOUND
- Source citation: Work cat.: (NUST): Parker, B 60128, Stairway to the stars the story of the world largest observatory, 1994
